书目信息 |
| 题名: |
电子技术基础实验教程
|
|
| 作者: | 张志恒 主编 | |
| 分册: | ||
| 出版信息: | 北京 中国电力出版社 2017.08 |
|
| 页数: | 238页 | |
| 开本: | 26cm | |
| 丛书名: | ||
| 单 册: | ||
| 中图分类: | TN-33 | |
| 科图分类: | ||
| 主题词: | 电子技术--dian zi ji shu--实验--高等教育--教材 | |
| 电子资源: | ||
| ISBN: | 978-7-5198-1012-2 | |
| 000 | 00883nam0 2200241 450 | |
| 001 | 0109110157 | |
| 005 | 20201109143347.37 | |
| 010 | @a978-7-5198-1012-2@dCNY33.00 | |
| 100 | @a20181129e20192017em y0chiy50 ea | |
| 101 | 0 | @achi |
| 102 | @aCN@b110000 | |
| 105 | @aa z 000yy | |
| 106 | @ar | |
| 200 | 1 | @a电子技术基础实验教程@Adian zi ji shu ji chu shi yan jiao cheng@f张志恒主编 |
| 210 | @a北京@c中国电力出版社@d2017.08@h2019.01 | |
| 215 | @a238页@c图@d26cm | |
| 300 | @a“十三五”普通高等教育本科规划教材 | |
| 330 | @a本书共分六章,内容包括:测量误差与数据处理,常用电子仪器的使用,EWB5.12软件,常用电子元器件的简介、选用及测试,模拟电子技术基础实验,数字电子实验。 | |
| 606 | 0 | @a电子技术@Adian zi ji shu@x实验@x高等教育@j教材 |
| 690 | @aTN-33@v5 | |
| 701 | 0 | @a张志恒@Azhang zhi heng@f(1964~)@4主编 |
| 801 | 0 | @aCN@bBJSZM@c20201103 |
| 905 | @b1240150-2@dTN-33@e129@f3 | |
| 电子技术基础实验教程/张志恒主编.-北京:中国电力出版社,2017.08(2019.01) |
| 238页:图;26cm |
| “十三五”普通高等教育本科规划教材 |
| ISBN 978-7-5198-1012-2:CNY33.00 |
| 本书共分六章,内容包括:测量误差与数据处理,常用电子仪器的使用,EWB5.12软件,常用电子元器件的简介、选用及测试,模拟电子技术基础实验,数字电子实验。 |
| ● |
| 相关链接 |
|
|
|
|
正题名:电子技术基础实验教程
索取号:TN-33/129
 
预约/预借
| 序号 | 登录号 | 条形码 | 馆藏地/架位号 | 状态 | 备注 |
| 1 | 1240150 | 212401505 | 第二样本阅览室/ [索取号:TN-33/129] | 在馆 | |
| 2 | 1240151 | 212401514 | 第三借阅区/ [索取号:TN-33/129] | 在馆 | |
| 3 | 1240152 | 212401523 | 第三借阅区/ [索取号:TN-33/129] | 在馆 |